[Event "ODJM A 2018"]
[Site "Willingen GER"]
[Date "2018.05.23"]
[Round "6"]
[White "Knudsen, Simon"]
[Black "Engel, Robert"]
[Result "1-0"]
[Termination "normal"]
[Board "9"]
[WhiteElo "2126"]
[BlackElo "2081"]
[WhiteClock "01:16:01"]
[BlackClock "00:29:50"]
[PlyCount "67"]
[WhiteFideId "12985546"]
[BlackFideId "12974684"]
[EventCountry "GER"]
[EventRounds "9"]
[EventType "swiss"]
[EventDate "2018.05.19"]

1. e4 {[%clk 1:30:57]} 1... c5 {[%clk 1:30:54]} 2. Nf3 {[%clk 1:31:18]} 2... d6
{[%clk 1:31:21]} 3. d4 {[%clk 1:31:43]} 3... cxd4 {[%clk 1:31:47]} 4. Nxd4 {
[%clk 1:32:07]} 4... Nf6 {[%clk 1:32:11]} 5. Nc3 {[%clk 1:32:33]} 5... a6 {
[%clk 1:32:36]} 6. Bg5 {[%clk 1:32:58]} 6... Nbd7 {[%clk 1:33:00]} 7. Qe2 {
[%clk 1:33:24]} 7... h6 {[%clk 1:31:38]} 8. Bh4 {[%clk 1:33:48]} 8... g6 {
[%clk 1:30:23]} 9. f4 {[%clk 1:34:06]} 9... e5 {[%clk 1:29:53]} 10. fxe5 {
[%clk 1:34:29]} 10... dxe5 {[%clk 1:29:41]} 11. O-O-O {[%clk 1:34:53]} 11...
exd4 {[%clk 1:15:42]} 12. e5 {[%clk 1:35:11]} 12... Qe7 {[%clk 1:15:11]} 13.
Nd5 {[%clk 1:24:27]} 13... Nxd5 {[%clk 1:14:56]} 14. Bxe7 {[%clk 1:24:52]}
14... Bxe7 {[%clk 1:13:14]} 15. Qe4 {[%clk 1:25:07]} 15... N7b6 {[%clk 1:11:17]
} 16. Qxd4 {[%clk 1:24:50]} 16... Be6 {[%clk 1:06:16]} 17. Kb1 {[%clk 1:25:12]}
17... O-O {[%clk 1:04:39]} 18. c4 {[%clk 1:24:49]} 18... Bf5+ {[%clk 1:03:57]}
19. Bd3 {[%clk 1:25:10]} 19... Bxd3+ {[%clk 1:03:27]} 20. Rxd3 {[%clk 1:25:33]}
20... Nb4 {[%clk 1:02:37]} 21. Rg3 {[%clk 1:25:06]} 21... Nc8 {[%clk 1:01:28]}
22. e6 {[%clk 1:25:19]} 22... Kh7 {[%clk 1:00:50]} 23. Qd7 {[%clk 1:23:47]}
23... Rd8 {[%clk 0:47:54]} 24. Qxb7 {[%clk 1:23:58]} 24... Ra7 {[%clk 0:48:01]}
25. Qf3 {[%clk 1:23:52]} 25... f5 {[%clk 0:48:13]} 26. h4 {[%clk 1:22:28]}
26... h5 {[%clk 0:43:53]} 27. Rd1 {[%clk 1:21:24]} 27... Rxd1+ {[%clk 0:39:54]}
28. Qxd1 {[%clk 1:21:48]} 28... Nd6 {[%clk 0:35:58]} 29. Rb3 {[%clk 1:18:10]}
29... Nxc4 {[%clk 0:31:22]} 30. Qd4 {[%clk 1:18:28]} 30... Rc7 {[%clk 0:30:53]}
31. Rc3 {[%clk 1:18:39]} 31... Bf6 {[%clk 0:30:00]} 32. Qxf6 {[%clk 1:16:58]}
32... Nd5 {[%clk 0:30:21]} 33. Qd8 {[%clk 1:15:38]} 33... Nxc3+ {[%clk 0:29:50]
} 34. bxc3 {[%clk 1:16:01]} 1-0

[Event "ODJM A 2018"]
[Site "Willingen GER"]
[Date "2018.05.23"]
[Round "6"]
[White "Winkel, Peter"]
[Black "Do, Nam"]
[Result "1-0"]
[Termination "normal"]
[Board "10"]
[WhiteElo "2110"]
[BlackElo "1947"]
[WhiteClock "00:14:51"]
[BlackClock "00:29:15"]
[PlyCount "73"]
[WhiteFideId "12954756"]
[BlackFideId "12998885"]
[EventCountry "GER"]
[EventRounds "9"]
[EventType "swiss"]
[EventDate "2018.05.19"]

1. d4 {[%clk 1:30:59]} 1... Nf6 {[%clk 1:30:55]} 2. Nf3 {[%clk 1:31:26]} 2...
e6 {[%clk 1:31:19]} 3. g3 {[%clk 1:31:50]} 3... Be7 {[%clk 1:31:22]} 4. Bg2 {
[%clk 1:32:10]} 4... O-O {[%clk 1:31:47]} 5. O-O {[%clk 1:32:32]} 5... c5 {
[%clk 1:31:56]} 6. c4 {[%clk 1:31:59]} 6... d5 {[%clk 1:31:07]} 7. cxd5 { [%clk
1:32:06]} 7... Nxd5 {[%clk 1:30:29]} 8. dxc5 {[%clk 1:32:16]} 8... Bxc5 { [%clk
1:29:34]} 9. a3 {[%clk 1:32:40]} 9... Nc6 {[%clk 1:28:49]} 10. b4 { [%clk
1:32:44]} 10... Be7 {[%clk 1:27:43]} 11. Bb2 {[%clk 1:33:01]} 11... Bf6 { [%clk
1:26:16]} 12. Qc2 {[%clk 1:26:24]} 12... Bxb2 {[%clk 1:23:02]} 13. Qxb2 { [%clk
1:26:45]} 13... b6 {[%clk 1:22:42]} 14. Rd1 {[%clk 1:17:42]} 14... Qe7 { [%clk
1:20:32]} 15. e4 {[%clk 1:16:19]} 15... Nf6 {[%clk 1:17:38]} 16. Nc3 { [%clk
1:16:36]} 16... Bb7 {[%clk 1:15:22]} 17. e5 {[%clk 1:13:54]} 17... Ne8 { [%clk
1:13:59]} 18. b5 {[%clk 1:02:26]} 18... Na5 {[%clk 1:09:46]} 19. Qb4 { [%clk
1:02:33]} 19... Qc7 {[%clk 1:08:28]} 20. Ne4 {[%clk 0:59:52]} 20... Bd5 { [%clk
1:01:47]} 21. Neg5 {[%clk 0:49:36]} 21... Qb7 {[%clk 0:57:03]} 22. Rxd5 { [%clk
0:35:28]} 22... exd5 {[%clk 0:49:33]} 23. Nxh7 {[%clk 0:34:33]} 23... Nc7
{[%clk 0:47:38]} 24. Nxf8 {[%clk 0:34:09]} 24... Rxf8 {[%clk 0:47:47]} 25. Qh4
{[%clk 0:31:02]} 25... Ne6 {[%clk 0:46:26]} 26. Ng5 {[%clk 0:31:10]} 26... Nxg5
{[%clk 0:46:14]} 27. Qxg5 {[%clk 0:31:38]} 27... Qd7 {[%clk 0:45:00]} 28. a4 {
[%clk 0:30:49]} 28... Rd8 {[%clk 0:42:45]} 29. Rd1 {[%clk 0:30:34]} 29... d4 {
[%clk 0:42:30]} 30. Be4 {[%clk 0:25:37]} 30... Nc4 {[%clk 0:38:44]} 31. Qh4 {
[%clk 0:17:38]} 31... g6 {[%clk 0:33:50]} 32. e6 {[%clk 0:17:04]} 32... fxe6 {
[%clk 0:33:47]} 33. Bxg6 {[%clk 0:17:18]} 33... e5 {[%clk 0:32:44]} 34. Bf5 {
[%clk 0:16:12]} 34... Qd6 {[%clk 0:29:44]} 35. Be6+ {[%clk 0:15:09]} 35... Kg7
{[%clk 0:28:55]} 36. Qg5+ {[%clk 0:14:45]} 36... Kh7 {[%clk 0:29:15]} 37. Bxc4
{[%clk 0:14:51]} 1-0

[Event "ODJM A 2018"]
[Site "Willingen GER"]
[Date "2018.05.23"]
[Round "6"]
[White "Kartsev, Nikolay"]
[Black "Hartmann, Jakob"]
[Result "1/2-1/2"]
[Termination "normal"]
[Board "11"]
[WhiteElo "1993"]
[BlackElo "2194"]
[WhiteClock "00:33:51"]
[BlackClock "00:02:21"]
[PlyCount "140"]
[WhiteFideId "12939536"]
[BlackFideId "12918067"]
[EventCountry "GER"]
[EventRounds "9"]
[EventType "swiss"]
[EventDate "2018.05.19"]

1. e4 {[%clk 1:30:58]} 1... e5 {[%clk 1:30:47]} 2. Nf3 {[%clk 1:31:19]} 2...
Nc6 {[%clk 1:31:03]} 3. Bb5 {[%clk 1:31:43]} 3... a6 {[%clk 1:30:58]} 4. Ba4 {
[%clk 1:32:04]} 4... Nf6 {[%clk 1:31:14]} 5. d3 {[%clk 1:32:29]} 5... b5 {
[%clk 1:30:40]} 6. Bb3 {[%clk 1:32:53]} 6... Bc5 {[%clk 1:30:26]} 7. O-O {
[%clk 1:33:06]} 7... d6 {[%clk 1:30:17]} 8. c3 {[%clk 1:33:30]} 8... h6 { [%clk
1:30:07]} 9. Nbd2 {[%clk 1:33:21]} 9... O-O {[%clk 1:28:49]} 10. h3 { [%clk
1:33:24]} 10... Bb6 {[%clk 1:28:44]} 11. Re1 {[%clk 1:33:42]} 11... Ne7 { [%clk
1:27:30]} 12. Nf1 {[%clk 1:33:59]} 12... Ng6 {[%clk 1:27:12]} 13. Ng3 { [%clk
1:34:14]} 13... Re8 {[%clk 1:27:00]} 14. a4 {[%clk 1:31:13]} 14... Bb7 { [%clk
1:24:05]} 15. Nf5 {[%clk 1:28:18]} 15... d5 {[%clk 1:19:35]} 16. Qc2 { [%clk
1:22:53]} 16... c5 {[%clk 1:15:11]} 17. axb5 {[%clk 1:21:20]} 17... axb5 {[%clk
1:09:04]} 18. Rxa8 {[%clk 1:21:39]} 18... Bxa8 {[%clk 1:07:28]} 19. Bxd5 {[%clk
1:16:09]} 19... Nxd5 {[%clk 1:00:46]} 20. exd5 {[%clk 1:16:37]} 20... Bxd5
{[%clk 0:58:06]} 21. Qe2 {[%clk 1:08:44]} 21... Bc6 {[%clk 0:49:13]} 22. Be3
{[%clk 1:05:17]} 22... Qf6 {[%clk 0:29:48]} 23. Ng3 {[%clk 1:02:04]} 23... Nf4
{[%clk 0:22:49]} 24. Bxf4 {[%clk 1:02:31]} 24... exf4 {[%clk 0:22:42]} 25. Ne4
{[%clk 1:02:45]} 25... Qd8 {[%clk 0:21:15]} 26. Qf1 {[%clk 0:52:26]} 26... Qd5
{[%clk 0:16:11]} 27. Re2 {[%clk 0:45:45]} 27... Rd8 {[%clk 0:12:09]} 28. Ne1
{[%clk 0:42:12]} 28... Bc7 {[%clk 0:09:40]} 29. Nd2 {[%clk 0:40:31]} 29... Ra8
{[%clk 0:08:46]} 30. Nef3 {[%clk 0:38:50]} 30... Rd8 {[%clk 0:08:05]} 31. Ne1
{[%clk 0:39:15]} 31... Kh7 {[%clk 0:08:06]} 32. Re7 {[%clk 0:36:42]} 32... Bd6
{[%clk 0:07:58]} 33. Ra7 {[%clk 0:36:26]} 33... Re8 {[%clk 0:07:27]} 34. Nef3
{[%clk 0:32:40]} 34... Bb8 {[%clk 0:06:48]} 35. Ra6 {[%clk 0:30:50]} 35... Qd7
{[%clk 0:04:39]} 36. d4 {[%clk 0:30:19]} 36... c4 {[%clk 0:03:40]} 37. b3 {
[%clk 0:29:30]} 37... cxb3 {[%clk 0:03:03]} 38. Qb1+ {[%clk 0:28:55]} 38... Kg8
{[%clk 0:03:13]} 39. Qxb3 {[%clk 0:29:21]} 39... Qb7 {[%clk 0:02:53]} 40. Ra2 {
[%clk 0:24:34]} 40... Re2 {[%clk 0:00:37]} 41. c4 {[%clk 0:22:13]} 41... bxc4 {
[%clk 0:17:28]} 42. Qxb7 {[%clk 0:51:05]} 42... Bxb7 43. Rb2 43... Re7 { [%clk
0:13:21]} 44. Nxc4 {[%clk 0:52:03]} 44... Ba7 {[%clk 0:12:53]} 45. Rd2 { [%clk
0:51:27]} 45... Bd5 {[%clk 0:10:40]} 46. Nce5 {[%clk 0:49:16]} 46... Kh7 {[%clk
0:10:23]} 47. Nd3 {[%clk 0:45:18]} 47... Bxf3 {[%clk 0:07:51]} 48. gxf3 {[%clk
0:45:39]} 48... Rd7 {[%clk 0:06:02]} 49. Nxf4 {[%clk 0:45:25]} 49... Bxd4
{[%clk 0:04:20]} 50. Kf1 {[%clk 0:45:06]} 50... Rd6 {[%clk 0:04:17]} 51. Ne2
{[%clk 0:45:28]} 51... Be5 {[%clk 0:04:31]} 52. Rxd6 {[%clk 0:45:53]} 52...
Bxd6 {[%clk 0:04:58]} 53. Kg2 {[%clk 0:45:15]} 53... g5 {[%clk 0:04:44]} 54. f4
{[%clk 0:39:19]} 54... Kg6 {[%clk 0:04:29]} 55. fxg5 {[%clk 0:38:04]} 55...
hxg5 {[%clk 0:04:53]} 56. f3 {[%clk 0:33:24]} 56... Be5 {[%clk 0:04:42]} 57.
Ng3 {[%clk 0:32:04]} 57... f5 {[%clk 0:02:42]} 58. Nxf5 {[%clk 0:31:34]} 58...
Kxf5 {[%clk 0:03:01]} 59. h4 {[%clk 0:31:57]} 59... gxh4 {[%clk 0:02:04]} 60.
f4 {[%clk 0:32:20]} 60... Bf6 {[%clk 0:02:11]} 61. Kh3 {[%clk 0:32:13]} 61...
Ke4 {[%clk 0:02:18]} 62. f5 {[%clk 0:31:43]} 62... Kf3 {[%clk 0:02:24]} 63. Kh2
{[%clk 0:32:04]} 63... Kg4 {[%clk 0:02:18]} 64. Kg2 {[%clk 0:32:27]} 64... Kg5
{[%clk 0:02:32]} 65. Kh3 {[%clk 0:32:41]} 65... Kh5 {[%clk 0:02:53]} 66. Kh2 {
[%clk 0:33:01]} 66... Kg4 {[%clk 0:01:55]} 67. Kg2 {[%clk 0:33:26]} 67... h3+ {
[%clk 0:02:11]} 68. Kh2 {[%clk 0:33:44]} 68... Kh4 {[%clk 0:02:36]} 69. Kg1 {
[%clk 0:33:26]} 69... Kg3 {[%clk 0:02:57]} 70. Kh1 {[%clk 0:33:51]} 70... h2 {
[%clk 0:02:21]} 1/2-1/2

[Event "ODJM A 2018"]
[Site "Willingen GER"]
[Date "2018.05.23"]
[Round "6"]
[White "Askerov, Imamali"]
[Black "Melde, Benjamin"]
[Result "1-0"]
[Termination "normal"]
[Board "12"]
[WhiteElo "1935"]
[BlackElo "2069"]
[WhiteClock "00:43:02"]
[BlackClock "00:04:58"]
[PlyCount "63"]
[WhiteFideId "12974498"]
[BlackFideId "12958816"]
[EventCountry "GER"]
[EventRounds "9"]
[EventType "swiss"]
[EventDate "2018.05.19"]

1. e4 {[%clk 1:30:56]} 1... c5 {[%clk 1:30:37]} 2. Nf3 {[%clk 1:31:18]} 2... d6
{[%clk 1:30:41]} 3. d4 {[%clk 1:31:41]} 3... cxd4 {[%clk 1:30:47]} 4. Nxd4 {
[%clk 1:32:04]} 4... Nf6 {[%clk 1:30:51]} 5. Nc3 {[%clk 1:32:25]} 5... a6 {
[%clk 1:30:29]} 6. Be3 {[%clk 1:32:23]} 6... Ng4 {[%clk 1:29:47]} 7. Bg5 {
[%clk 1:32:26]} 7... h6 {[%clk 1:30:07]} 8. Bh4 {[%clk 1:32:50]} 8... g5 {
[%clk 1:30:32]} 9. Bg3 {[%clk 1:33:16]} 9... Bg7 {[%clk 1:30:57]} 10. h3 {
[%clk 1:32:00]} 10... Ne5 {[%clk 1:30:59]} 11. Nf5 {[%clk 1:29:43]} 11... Bxf5
{[%clk 1:30:33]} 12. exf5 {[%clk 1:30:05]} 12... Nbc6 {[%clk 1:28:09]} 13. Nd5
{[%clk 1:29:21]} 13... e6 {[%clk 1:16:09]} 14. fxe6 {[%clk 1:29:05]} 14... fxe6
{[%clk 1:16:32]} 15. Ne3 {[%clk 1:29:04]} 15... Qa5+ {[%clk 0:55:02]} 16. c3 {
[%clk 1:24:15]} 16... O-O-O {[%clk 0:54:03]} 17. Be2 {[%clk 1:18:56]} 17... Kb8
{[%clk 0:47:46]} 18. O-O {[%clk 1:18:16]} 18... Ka8 {[%clk 0:48:01]} 19. a4 {
[%clk 1:16:44]} 19... Qc5 {[%clk 0:37:41]} 20. b4 {[%clk 1:00:30]} 20... Qxc3 {
[%clk 0:36:27]} 21. b5 {[%clk 1:00:48]} 21... Nd4 {[%clk 0:32:32]} 22. bxa6 {
[%clk 1:00:32]} 22... Nxe2+ {[%clk 0:31:11]} 23. Qxe2 {[%clk 1:00:57]} 23...
Qd3 {[%clk 0:31:31]} 24. axb7+ {[%clk 1:00:29]} 24... Kxb7 {[%clk 0:30:54]} 25.
Rab1+ {[%clk 0:58:18]} 25... Ka8 {[%clk 0:29:36]} 26. Qa2 {[%clk 0:55:52]}
26... d5 {[%clk 0:22:16]} 27. Rb5 {[%clk 0:51:29]} 27... Nc6 {[%clk 0:18:26]}
28. Rb6 {[%clk 0:46:56]} 28... Nd4 {[%clk 0:11:33]} 29. Rd1 {[%clk 0:44:54]}
29... Qc3 {[%clk 0:07:23]} 30. Rdb1 {[%clk 0:44:02]} 30... Qa5 {[%clk 0:05:57]}
31. Qd2 {[%clk 0:43:04]} 31... Qa7 {[%clk 0:04:58]} 32. Qd3 {[%clk 0:43:02]}
1-0

[Event "ODJM A 2018"]
[Site "Willingen GER"]
[Date "2018.05.23"]
[Round "6"]
[White "Hoffmann, Fabian"]
[Black "Weber, Jannis"]
[Result "0-1"]
[Termination "normal"]
[Board "14"]
[WhiteElo "1893"]
[BlackElo "1871"]
[PlyCount "130"]
[WhiteFideId "12964891"]
[BlackFideId "12990760"]
[EventCountry "GER"]
[EventRounds "9"]
[EventType "swiss"]
[EventDate "2018.05.19"]

1. e4 c5 2. Nf3 d6 3. Bb5+ Nd7 4. O-O a6 5. Bc4 e6 6. c3 Ngf6 7. Re1 b5 8. Bb3
c4 9. Bc2 Bb7 10. b4 Be7 11. d4 cxd3 12. Bxd3 Nb6 13. Nbd2 O-O 14. Qc2 Rc8 15.
Nb3 d5 16. e5 Ne4 17. Nc5 Bxc5 18. bxc5 Na4 19. Nd2 Naxc5 20. Bxe4 dxe4 21. Ba3
Qd3 22. Qxd3 exd3 23. Nb3 Nxb3 24. axb3 Rfd8 25. Bb4 Bd5 26. Rab1 Ra8 27. Ba5
Rd7 28. f3 Rc8 29. Kf2 g5 30. Red1 Ba8 31. Rd2 Kg7 32. Re1 Kg6 33. Re3 Kf5 34.
Bb4 Rd5 35. g4+ Kg6 36. Rexd3 Rxd3 37. Rxd3 Bd5 38. Kg3 Bxb3 39. h4 h6 40. hxg5
hxg5 41. Rd2 Bd5 42. Rf2 Rc4 43. Re2 Rf4 44. Re3 f6 45. exf6 Kxf6 46. Bd6 Rc4
47. Bb4 Kf7 48. Re1 Rf4 49. Rf1 Ke8 50. Bd6 Rc4 51. Bb4 Kd7 52. f4 gxf4+ 53.
Rxf4 Rc8 54. Rf8 Rxf8 55. Bxf8 e5 56. Ba3 a5 57. Kf2 Bf7 58. Ke3 Ke6 59. Kd2
Kd5 60. Kc2 Be6 61. g5 Bf5+ 62. Kb3 Ke4 63. Bc5 Kd3 64. Bb6 Be6+ 65. Ka3 a4 0-1

[Event "ODJM A 2018"]
[Site "Willingen GER"]
[Date "2018.05.23"]
[Round "6"]
[White "Rieper, Julian"]
[Black "Bargsten, Justus"]
[Result "1-0"]
[Termination "normal"]
[Board "15"]
[WhiteElo "2038"]
[BlackElo "1953"]
[PlyCount "99"]
[WhiteFideId "12936960"]
[BlackFideId "12974188"]
[EventCountry "GER"]
[EventRounds "9"]
[EventType "swiss"]
[EventDate "2018.05.19"]

1. e4 e5 2. Nf3 Nc6 3. Bb5 a6 4. Ba4 Nf6 5. O-O Be7 6. Re1 b5 7. Bb3 O-O 8. a4
Bb7 9. d3 d6 10. c3 Nb8 11. axb5 axb5 12. Rxa8 Bxa8 13. Nbd2 c5 14. d4 c4 15.
Bc2 Nbd7 16. Nf1 Re8 17. b3 Qa5 18. bxc4 bxc4 19. d5 Qxc3 20. Re3 Qb4 21. Ba3
Qb6 22. N3d2 Rc8 23. Qe2 Qc7 24. Rc3 Qa7 25. Rxc4 Rxc4 26. Nxc4 Nc5 27. Ng3 g6
28. h3 Bb7 29. Qe3 Qa6 30. Nxe5 Qa5 31. Bxc5 dxc5 32. Nc4 Qa1+ 33. Kh2 h5 34.
Bb3 h4 35. Ne2 Qb1 36. Nd2 Qb2 37. f4 Ba6 38. Bc4 Bxc4 39. Nxc4 Qb4 40. Qd3 Nh5
41. d6 Bd8 42. e5 Qe1 43. Qf3 Qb4 44. Ne3 Qd2 45. Nc4 Qb4 46. Qa8 Qxc4 47.
Qxd8+ Kg7 48. d7 Qd3 49. Qe7 Ng3 50. d8=Q 1-0

[Event "ODJM A 2018"]
[Site "Willingen GER"]
[Date "2018.05.23"]
[Round "6"]
[White "Silber, Kevin"]
[Black "Gallasch, Jonas"]
[Result "1-0"]
[Termination "normal"]
[Board "16"]
[WhiteElo "2244"]
[BlackElo "1924"]
[PlyCount "81"]
[WhiteFideId "12930440"]
[BlackFideId "16222474"]
[EventCountry "GER"]
[EventRounds "9"]
[EventType "swiss"]
[EventDate "2018.05.19"]

1. e4 c6 2. Nc3 d5 3. Nf3 Nf6 4. e5 Ne4 5. d3 Nxc3 6. bxc3 e6 7. d4 c5 8. Be2
Nc6 9. O-O Be7 10. a4 O-O 11. Ba3 c4 12. Qd2 Bxa3 13. Rxa3 Qe7 14. Raa1 Bd7 15.
Rfb1 Rfb8 16. g3 Qe8 17. Nh4 b6 18. Ra2 Ne7 19. Rba1 a6 20. f4 b5 21. axb5 axb5
22. Qc1 Ra4 23. Rxa4 bxa4 24. Qa3 Qd8 25. Ng2 Nc8 26. Ne3 Qc7 27. f5 Qd8 28. h4
Na7 29. Bg4 Nb5 30. Qxa4 Nxd4 31. Qa5 Nc6 32. Qxd8+ Rxd8 33. fxe6 Bxe6 34. Bxe6
fxe6 35. Ra6 Rc8 36. Ng4 h5 37. Nh2 Kf7 38. Nf3 Kg6 39. Rb6 Kf5 40. Rxc6 Re8
41. Kg2 1-0

[Event "ODJM A 2018"]
[Site "Willingen GER"]
[Date "2018.05.23"]
[Round "6"]
[White "Erofeev, Anastasia"]
[Black "Giraud, Valerian"]
[Result "1-0"]
[Termination "normal"]
[Board "17"]
[WhiteElo "1933"]
[BlackElo "2034"]
[PlyCount "101"]
[WhiteFideId "12917915"]
[BlackFideId "12920355"]
[EventCountry "GER"]
[EventRounds "9"]
[EventType "swiss"]
[EventDate "2018.05.19"]

1. d4 Nf6 2. c4 e6 3. Nc3 Bb4 4. Qc2 b6 5. e3 Bb7 6. f3 c5 7. a3 Bxc3+ 8. bxc3
d5 9. cxd5 exd5 10. Bd3 O-O 11. Ne2 Nc6 12. O-O Re8 13. Rb1 cxd4 14. exd4 Na5
15. Bf4 Nc4 16. Bxc4 dxc4 17. Bg5 h6 18. Bxf6 Qxf6 19. Ng3 Qe7 20. Qc1 Qd7 21.
Re1 Rxe1+ 22. Qxe1 Re8 23. Qd2 Qe7 24. Ra1 Qe3+ 25. Qxe3 Rxe3 26. Rc1 Rd3 27.
Nf1 b5 28. Kf2 a5 29. Ke2 b4 30. axb4 axb4 31. cxb4 Rb3 32. Nd2 Rxb4 33. Rb1
Rxb1 34. Nxb1 Kf8 35. Kd2 g5 36. Kc3 g4 37. Nd2 Bd5 38. fxg4 Bxg2 39. Nxc4 Bf3
40. Ne3 h5 41. gxh5 Bxh5 42. d5 Ke7 43. Kd4 Bg6 44. Kc5 f5 45. Ng2 Be8 46. Nf4
Kf6 47. h4 Ke5 48. h5 Kf6 49. h6 Kf7 50. Nh5 Kg8 51. Nf6+ 1-0

[Event "ODJM A 2018"]
[Site "Willingen GER"]
[Date "2018.05.23"]
[Round "6"]
[White "Hofmann, Lorenz"]
[Black "Dette, Jan"]
[Result "1-0"]
[Termination "normal"]
[Board "18"]
[WhiteElo "1909"]
[BlackElo "2097"]
[PlyCount "67"]
[WhiteFideId "12995509"]
[BlackFideId "12936677"]
[EventCountry "GER"]
[EventRounds "9"]
[EventType "swiss"]
[EventDate "2018.05.19"]

1. e4 e6 2. d4 d5 3. exd5 exd5 4. Bd3 Nc6 5. c3 Bd6 6. Nf3 Bg4 7. O-O Qd7 8. b4
Nge7 9. Re1 f6 10. Nbd2 O-O-O 11. Qa4 a6 12. Qb3 Nb8 13. a4 Ng6 14. c4 dxc4 15.
Nxc4 Bxf3 16. Qc2 Bxh2+ 17. Kxh2 Qxd4 18. Bf5+ Nd7 19. gxf3 Kb8 20. Be3 Qh4+
21. Kg2 Nf4+ 22. Bxf4 Qxf4 23. Qe4 Qxe4 24. fxe4 g6 25. Bh3 b5 26. axb5 axb5
27. Red1 Ne5 28. Nxe5 fxe5 29. Bd7 Kb7 30. Bxb5 Rd4 31. Rxd4 exd4 32. Bd3 Re8
33. Ra5 c6 34. f4 1-0

[Event "ODJM A 2018"]
[Site "Willingen GER"]
[Date "2018.05.23"]
[Round "6"]
[White "Buller, Ian Joshua"]
[Black "Brunner, Jan"]
[Result "1/2-1/2"]
[Termination "normal"]
[Board "19"]
[WhiteElo "1779"]
[BlackElo "2005"]
[PlyCount "76"]
[WhiteFideId "12990655"]
[BlackFideId "12981010"]
[EventCountry "GER"]
[EventRounds "9"]
[EventType "swiss"]
[EventDate "2018.05.19"]

1. e4 c5 2. Nf3 Nc6 3. Bb5 g6 4. Bxc6 bxc6 5. O-O Bg7 6. Re1 Nh6 7. c3 O-O 8.
h3 f5 9. e5 Nf7 10. d4 cxd4 11. cxd4 c5 12. dxc5 Bb7 13. Bf4 e6 14. Nbd2 g5 15.
Bh2 Qc7 16. Rc1 Bd5 17. b3 Bh6 18. g4 fxg4 19. hxg4 Qb7 20. Re3 Nh8 21. Nd4 Ng6
22. f3 Rac8 23. Ne4 Bxe4 24. Rxe4 Qd5 25. Qc2 Nh4 26. Kf2 Rf7 27. Ke2 Rcf8 28.
Rf1 Bg7 29. Bg3 Ng6 30. Rd1 Nf4+ 31. Bxf4 Rxf4 32. Nb5 Rxe4+ 33. Qxe4 Qxc5 34.
a4 a6 35. Nd6 Rf4 36. Qa8+ Rf8 37. Qe4 Rf4 38. Qa8+ Rf8 1/2-1/2

[Event "ODJM A 2018"]
[Site "Willingen GER"]
[Date "2018.05.23"]
[Round "6"]
[White "Leser, Stefan"]
[Black "Stelmaszyk, Nico"]
[Result "0-1"]
[Termination "normal"]
[Board "20"]
[WhiteElo "1852"]
[BlackElo "1919"]
[PlyCount "66"]
[WhiteFideId "12997706"]
[BlackFideId "16200462"]
[EventCountry "GER"]
[EventRounds "9"]
[EventType "swiss"]
[EventDate "2018.05.19"]

1. e4 e5 2. Nf3 Nc6 3. Bb5 a6 4. Ba4 b5 5. Bb3 g6 6. O-O Bg7 7. c3 Nge7 8. d4
exd4 9. cxd4 O-O 10. Re1 d6 11. h3 Na5 12. Bc2 Bb7 13. Nbd2 c5 14. Nb3 Nxb3 15.
Bxb3 Nc6 16. dxc5 dxc5 17. Bd5 Qc7 18. Qe2 Rfe8 19. Be3 c4 20. Rac1 Nb4 21.
Red1 Bxd5 22. exd5 Nxa2 23. Ra1 Nb4 24. Rac1 Rad8 25. b3 Nxd5 26. bxc4 Nc3 27.
Rxc3 Bxc3 28. cxb5 axb5 29. Rxd8 Rxd8 30. g3 b4 31. Bf4 Qd7 32. Kg2 b3 33. Be5
Re8 0-1

[Event "ODJM A 2018"]
[Site "Willingen GER"]
[Date "2018.05.23"]
[Round "6"]
[White "Hinrichs, Niklas"]
[Black "Grund, Sebastian"]
[Result "1-0"]
[Termination "normal"]
[Board "21"]
[WhiteElo "1976"]
[BlackElo "1892"]
[PlyCount "73"]
[WhiteFideId "12942499"]
[BlackFideId "12988626"]
[EventCountry "GER"]
[EventRounds "9"]
[EventType "swiss"]
[EventDate "2018.05.19"]

1. d4 Nf6 2. Nf3 g6 3. Nbd2 d5 4. b4 Bg7 5. e3 O-O 6. c4 a5 7. b5 c6 8. a4 dxc4
9. Bxc4 Re8 10. O-O Nbd7 11. Bb2 Nd5 12. Qb3 N7b6 13. Be2 Be6 14. Qa3 Qd6 15.
Ne4 Qxa3 16. Rxa3 Nb4 17. Rc1 cxb5 18. Bxb5 Rec8 19. Nc5 Bd5 20. Raa1 Rc7 21.
Nd2 Rac8 22. Ncb3 Rc2 23. Ba3 Bxb3 24. Nxb3 R8c3 25. Rcb1 N6d5 26. Nxa5 b6 27.
Nb3 Nd3 28. Bxd3 Rxd3 29. h3 Nc3 30. Re1 Ne2+ 31. Kf1 Rxb3 32. Rxe2 Rcc3 33.
Bxe7 Rc4 34. Rea2 Rc7 35. Bd6 Rd7 36. Bg3 Ra7 37. a5 1-0

[Event "ODJM A 2018"]
[Site "Willingen GER"]
[Date "2018.05.23"]
[Round "6"]
[White "Isler, Benjamin"]
[Black "Schallner, Marc"]
[Result "1/2-1/2"]
[Termination "normal"]
[Board "22"]
[WhiteElo "1881"]
[BlackElo "1993"]
[PlyCount "49"]
[WhiteFideId "12975478"]
[BlackFideId "12971243"]
[EventCountry "GER"]
[EventRounds "9"]
[EventType "swiss"]
[EventDate "2018.05.19"]

1. e4 e5 2. d4 exd4 3. c3 dxc3 4. Bc4 Nf6 5. e5 d5 6. exf6 dxc4 7. Qxd8+ Kxd8
8. Bg5 g6 9. Nxc3 Bg4 10. h3 Bf5 11. O-O-O+ Bd3 12. Nf3 Nd7 13. Ne1 h6 14. Nxd3
cxd3 15. Bf4 Bd6 16. Bxd6 cxd6 17. Rxd3 Nxf6 18. Rxd6+ Ke7 19. Rd4 Rhd8 20.
Re1+ Kf8 21. Red1 Rxd4 22. Rxd4 Rc8 23. Kd2 Ke7 24. Kd3 a6 25. Nd5+ 1/2-1/2

[Event "ODJM A 2018"]
[Site "Willingen GER"]
[Date "2018.05.23"]
[Round "6"]
[White "Stemmler, Fabian"]
[Black "Steffens, Oliver"]
[Result "1/2-1/2"]
[Termination "normal"]
[Board "23"]
[WhiteElo "1963"]
[BlackElo "1944"]
[PlyCount "44"]
[WhiteFideId "12964808"]
[BlackFideId "12947148"]
[EventCountry "GER"]
[EventRounds "9"]
[EventType "swiss"]
[EventDate "2018.05.19"]

1. d4 d5 2. Bf4 Nf6 3. e3 c5 4. c3 Nc6 5. Nd2 e6 6. Ngf3 cxd4 7. cxd4 Qb6 8.
Rb1 Bd7 9. Be2 Na5 10. O-O Bb5 11. Ne5 Bxe2 12. Qxe2 Be7 13. Rfc1 O-O 14. Rc2
Rfc8 15. Rbc1 Qd8 16. Qd1 Ne8 17. Qh5 Nd6 18. b4 g6 19. Qd1 Nac4 20. Nexc4 Nxc4
21. Nxc4 dxc4 22. Rxc4 b5 1/2-1/2

[Event "ODJM A 2018"]
[Site "Willingen GER"]
[Date "2018.05.23"]
[Round "6"]
[White "Beesk, Kevin"]
[Black "Fuhlrott, Tim"]
[Result "1/2-1/2"]
[Termination "normal"]
[Board "24"]
[WhiteElo "1968"]
[BlackElo "1930"]
[PlyCount "40"]
[WhiteFideId "1271882"]
[BlackFideId "16222431"]
[EventCountry "GER"]
[EventRounds "9"]
[EventType "swiss"]
[EventDate "2018.05.19"]

1. e4 c6 2. Nc3 d5 3. f4 d4 4. Nce2 c5 5. Nf3 Nc6 6. d3 Bg4 7. Ng3 e5 8. h3
Bxf3 9. Qxf3 exf4 10. Bxf4 Bd6 11. Nf5 Bxf4 12. Qxf4 Kf8 13. Be2 g6 14. Nd6 Qe7
15. O-O f6 16. Rae1 Kg7 17. Qg3 Nh6 18. Bd1 Ne5 19. Nb5 a6 20. Na3 b5 1/2-1/2